1384 1168 1983 1634 1798 1679 1843 1744 1936 1708 1999 1737 1970 1095 1472 1535 1170 1658 1415 1406 1741 1220 1468 1745 1489 1506 1016 1502 1560 1205 1317 1888 1443 1640 1837 1070 1131 1161 1254 1002 1358 1229 1752 1361 1329 1342 1306 1133 1776 1607 1820 1189 1967 1550 1256 1964 1060 1989 1925 1123 1916 1901 1696 1971 1809 1083 1254 1579 1624 1442 1681 1494 1598 1554 1832 1777 1142 1969 1713 1309 1517 1148 1666 1992 1857 1169 1838 1279 1146 1960 1511 1726 1414 1492 1634 1647 1195 1921 1524 BCNSPRNW ULIB Ver.6.0+V

เปลี่ยนเป็นภาษาไทย

Change to English
 แสดงรายละเอียดบรรณานุกรม
  กลับหน้าหลัก

Brief Record : Get Marc (ISO 2709) : E-mail record : QR code < ปิดหน้าต่าง
LEADER : 00000nam 2200000uu 4500
001    13399111252
003     ULIB
008    110621s||||||||th 000 0 tha d
020    9789740475002
050  4 BF698^bศ272ท 2551
100 0  ศรีเรือน แก้วกังวาล
245 10 ทฤษฎีจิตวิทยาบุคลิกภาพ :^bรู้เรา รู้เขา /^cศรีเรือน แก้วกังวาล
246 30 รู้เรา รู้เขา
250    พิมพ์ครั้งที่ 15 (แก้ไขปรับปรุง)
260    กรุงเทพฯ :^bหมอชาวบ้าน,^c2551
300    554 หน้า :^bภาพประกอบ ;^c21 ซม.
504    มีบรรณานุกรมและดัชนี
650  7 การปรับตัว (จิตวิทยา)
650  7 บุคลิกภาพ^xจิตวิทยา
650  7 การดำเนินชีวิต
650  7 จิตวิทยา
650  7 บุคลิกภาพ
945    ^p350^l0^i025285
945    ^p350^l0^i025284
995    ทศพร
999 ^a ใช้งานได้ทุกระบบ
รายการนี้ยังไม่มีแท็ก
คุณยังไม่ได้ล็อกอิน คุณสามารถมีกิจกรรมร่วมกับเว็บไซต์ได้ แต่ต้องล็อกอินก่อน ::
  ล็อกอิน

รายการสื่อสารสนเทศ

ลำดับที่ ประเภท เลขเรียก/บาร์โค้ด สถานที่ สถานะ
- ไม่พบข้อมูล -

รายการใกล้เคียง
    ผู้แต่ง [ศรีเรือน แก้วกังวาล]

    หัวเรื่อง [การปรับตัว (จิตวิทยา)]
    หัวเรื่อง [การดำเนินชีวิต]
    หัวเรื่อง [จิตวิทยา]
    หัวเรื่อง [บุคลิกภาพ]

BibComment


ยังไม่เคยถูกคอมเมนท์

คอมเมนท์ทรัพยากรรายการนี้
  คอมเมนท์: ทฤษฎีจิตวิทยาบุคล..


 Copyright 2026. Bcnsprnw @Library